000 00558nam a22001937a 4500
003 MPLRDC
005 20220104203533.0
008 210129b ||||| |||| 00| 0 eng d
020 _a978-967-414-213-1
082 _a427.1 XSW
100 _a许赛晤 KOH SAI NGO
245 _a妙用香料,好吃!
_cC. K. MUN 摄影
250 _a初版二刷
260 _a马来西亚
_b海滨出版(马)有限公司 SEASHORE PUBLISHING (M) SDN BHD
_c2018
300 _b
520 _a新书上架 2018-10-02。
650 _a食谱
942 _cBK
_o427.1 XSW
999 _c68172
_d68162